Food & beverage : (Record no. 23022)
[ view plain ]
| 000 -LEADER | |
|---|---|
| fixed length control field | 00548nam a2200205#a 4500 |
| 001 - CONTROL NUMBER | |
| control field | 01456 |
| 003 - CONTROL NUMBER IDENTIFIER | |
| control field | HDC |
| 007 - PHYSICAL DESCRIPTION FIXED FIELD--GENERAL INFORMATION | |
| fixed length control field | ta |
| 008 - FIXED-LENGTH DATA ELEMENTS--GENERAL INFORMATION | |
| fixed length control field | 230623s2023 xx 000 0 eng d |
| 020 ## - INTERNATIONAL STANDARD BOOK NUMBER | |
| International Standard Book Number | 13944630 (pbk.) |
| 040 ## - CATALOGING SOURCE | |
| Original cataloging agency | HDC |
| 050 ## - LIBRARY OF CONGRESS CALL NUMBER | |
| Classification number | cd fmm HD 9016 |
| Item number | .F44 2006 C4 |
| 110 ## - MAIN ENTRY--CORPORATE NAME | |
| Corporate name or jurisdiction name as entry element | Federation of Malaysian Manufacturers |
| 245 #0 - TITLE STATEMENT | |
| Title | Food & beverage : |
| Remainder of title | FMM-MATRADEA industry directory 2005/2006 |
| Statement of responsibility, etc. | Federation of Malaysia Manufacturers |
| 250 ## - EDITION STATEMENT | |
| Edition statement | 3rd ed. |
| 942 ## - ADDED ENTRY ELEMENTS (KOHA) | |
| Source of classification or shelving scheme | Library of Congress Classification |
| 942 ## - ADDED ENTRY ELEMENTS (KOHA) | |
| Koha item type | Book |
| 942 ## - ADDED ENTRY ELEMENTS (KOHA) | |
| Call number prefix | cd fmm HD 9016 |
| 942 ## - ADDED ENTRY ELEMENTS (KOHA) | |
| Call number suffix | .F44 2006 C4 |
| Withdrawn status | Lost status | Source of classification or shelving scheme | Damaged status | Not for loan | Collection | Home library | Current library | Shelving location | Date acquired | Total checkouts | Full call number | Barcode | Date last seen | Price effective from | Koha item type |
|---|---|---|---|---|---|---|---|---|---|---|---|---|---|---|---|
| Library of Congress Classification | Non-fiction | Halal Development Corporation Library | Halal Development Corporation Library | Open Shelves | 17/11/2020 | cd fmm HD 9016 .F44 2006 C4 | HDC00001087 | 24/05/2023 | 24/05/2023 | CD-ROM |
